书目信息 |
| 题名: |
国家执业医师资格考试公卫助理医师应试指导
|
|
| 作者: | 《公卫助理医师应试指导》专家编写组 编 | |
| 分册: | ||
| 出版信息: | 北京 北京医科大学出版社 2000.04 |
|
| 页数: | 656页 | |
| 开本: | 26cm | |
| 丛书名: | ||
| 单 册: | ||
| 中图分类: | R1 | |
| 科图分类: | ||
| 主题词: | 预防医学 , 卫生学 | |
| 电子资源: | ||
| ISBN: | 7-81071-059-1 | |
| 000 | 00737nam0 2200205 45 | |
| 001 | 0105220926 | |
| 005 | 20010522093117.1 | |
| 010 | @a7-81071-059-1@d65.00元 | |
| 100 | @a20010522d2000 km y0chiy0120 ea | |
| 101 | 0 | @achi |
| 105 | @a z 000yy | |
| 200 | 1 | @a国家执业医师资格考试公卫助理医师应试指导@AGuo Jia Zhi Ye Yi Shi Zi Ge Kao Shi Gong Wei Zhu Li Yi Shi Ying Shi Zhi Dao@f《公卫助理医师应试指导》专家编写组 编@F《Gong Wei Zhu Li Yi Shi Ying Shi Zhi Dao》Zhuan JiaBian Xie Zu Bian |
| 210 | @a北京@c北京医科大学出版社@d2000.04 | |
| 215 | @a656页@d26cm | |
| 606 | 0 | @a预防医学 |
| 606 | 0 | @a卫生学 |
| 690 | @aR1@v3 | |
| 701 | 0 | @a《公卫助理医师应试指导》专家编写组@4编 |
| 801 | @aCN@c20010522 | |
| 905 | @aBZT@b74726-727@dR1@e53@f2 | |
| 国家执业医师资格考试公卫助理医师应试指导/《公卫助理医师应试指导》专家编写组 编.-北京:北京医科大学出版社,2000.04 |
| 656页;26cm |
| ISBN 7-81071-059-1:65.00元 |
| ● |
| 相关链接 |
|
|
|
正题名:国家执业医师资格考试公卫助理医师应试指导
索取号:R1/53
 
预约/预借
| 序号 | 登录号 | 条形码 | 馆藏地/架位号 | 状态 | 备注 |
| 1 | 74726 | 200686285 | 中心书库中库/ 中库001架A面3列5层7/ [索取号:R1/53] | 在馆 | |
| 2 | 74727 | 200686267 | 中心书库中库/ 中库001架A面3列5层8/ [索取号:R1/53] | 在馆 |